| 000 | nam a22 a 4500 | ||
|---|---|---|---|
| 999 |
_c402088 _d402088 |
||
| 003 | BLK | ||
| 005 | 20210323144327.0 | ||
| 008 | 210323b bu |||||r|||| 00| 0 bu d | ||
| 040 | _aBLK | ||
| 041 |
_aBUL _cBUL |
||
| 080 |
_aСоциалистически школи преди Маркс. Утопически социализъм. Вж и 141.8 _b330.84 _z330.84 |
||
| 080 |
_aФренски социалист, теоретик на анархизма, утопист _b929 Прудон, Пиер Жозеф _z929 Прудон, Пиер Жозеф |
||
| 100 |
_91299 _aКювилие, Арман _eпърви автор |
||
| 139 | _aКювилие, Арман | ||
| 245 |
_aПрудон _cАрман Кювилие; прев.от фр. Ангелина Паунова - Терзиева |
||
| 260 |
_9444082 _aСофия _bИздателство на работническата социалдемократическа партия _c1947 |
||
| 300 |
_a246с. _c18 см |
||
| 380 | _a3 | ||
| 490 |
_9444083 _aВелики реформатори |
||
| 600 | 1 | 4 |
_9223770 _aПрудон, Пиер Жозеф |
| 653 | 7 |
_9191117 _aмироглед |
|
| 700 |
_9419619 _aПаунова-Терзиева, Ангелина _eпрев. от фр. |
||
| 700 |
_9871 _aЧолаков, Стефан Димитров _eпод ред. на |
||
| 852 |
_aЦб 3.185.24221 _bЦб |
||
| 942 |
_cKNG _n0 _s1 |
||
| 944 |
_aED _c2021-03-23 _kМикаела Микова - Илиева _l2021-03-23 |
||